The theory and practice of online learning /

Podrobná bibliografie
Další autoři: Anderson, Terry, 1950-
Médium: Kniha
Jazyk:English
Vydáno: Edmonton : AU Press, c2008.
Vydání:Second edition.
Témata:
Classic Catalogue: View this record in Classic Catalogue
LEADER 01996nam a22004217a 4500
001 44629
003 BD-DhAAL
005 20250827095347.0
008 250819t2008 abca b 000 0 eng d
010 |a  2008431614 
016 |a 20089025873 
020 |a 9781897425084 
020 |a 1897425082 
035 |a 15491912 
035 |a (OCoLC)226999175 
040 |a NLC  |b eng  |c NLC  |d YDXCP  |d BTCTA  |d BAKER  |d CDX  |d DLC  |d BD-DhAAL 
042 |a lccopycat 
050 0 0 |a LB1028.5  |b .T496 2008 
082 0 4 |a 371.334  |2 22 
245 0 4 |a The theory and practice of online learning /  |c edited by Terry Anderson. 
250 |a Second edition. 
260 |a Edmonton :  |b AU Press,  |c c2008. 
300 |a xii, 472 pages :  |b illustrations ;  |c 23 cm 
504 |a Includes bibliographical references. 
526 |a LTIC  |x Professor Md. Golam Samdani Fakir, PhD Director Learning and Teaching Innovation Center (LTIC) BRAC University Course Name : Enriching LTIC for curriculum development, assessment, ethics, faculty leadership, and global education, etc.  
530 |a Issued also in electronic format. 
541 |a R K Corporation  |e 44629 
650 0 |a Computer-assisted instruction. 
650 0 |a Internet in education. 
650 0 |a Distance education. 
650 6 |a Enseignement assisté par ordinateur.  |9 59109 
650 6 |a Internet en éducation.  |9 59110 
650 6 |a Enseignement à distance.  |9 59111 
700 1 |a Anderson, Terry,  |d 1950-  |9 59112 
852 |a Ayesha Abed Library  |c General Stacks 
942 |2 ddc  |c BK 
999 |c 47380  |d 47380 
952 |0 0  |1 0  |2 ddc  |4 0  |6 371_334000000000000_THE  |7 0  |9 78016  |a BRACUL  |b BRACUL  |c GEN  |d 2025-08-13  |e R K Corporation  |g 4550.00  |l 0  |o 371.334 THE  |p 3010044629  |r 2025-08-13  |t 1  |v 9100.00  |w 2025-08-13  |y BK  |x Requisitioned by Professor Md. Golam Samdani Fakir, PhD (Director, Learning and Teaching Innovation Center (LTIC), BRAC University) for the course named - "Enriching LTIC for curriculum development, assessment, ethics, faculty leadership, and global education, etc."